Central Library OPAC University of Rajshahi

Chemical & electro-plated finishes : (Record no. 69093)

MARC details
000 -LEADER
fixed length control field 00768nam a2200253 a 4500
001 - CONTROL NUMBER
control field 69093
003 - CONTROL NUMBER IDENTIFIER
rucl marc code BD-RjUL
005 - DATE AND TIME OF LATEST TRANSACTION
control field 20211209081840.0
008 - FIXED-LENGTH DATA ELEMENTS--GENERAL INFORMATION
fixed length control field 170409s1952 enka 1 0 eng d
035 ## - SYSTEM CONTROL NUMBER
System control number (BD-RjUL)69304
040 ## - CATALOGING SOURCE
Original cataloging agency NUN
Language of cataloging eng
Transcribing agency NUN
Modifying agency BD-RjUL
041 ## - LANGUAGE CODE
Language code of text/sound track or separate title eng
082 04 - DEWEY DECIMAL CLASSIFICATION NUMBER
Classification number 671.732
Edition number 23
Author mark and year SIC 1952
100 1# - MAIN ENTRY--PERSONAL NAME
Personal name Silman, Harold
9 (RLIN) 204685
245 10 - TITLE STATEMENT
Title Chemical & electro-plated finishes :
Remainder of title the protective treatment of metals /
Statement of responsibility, etc. Harold Silman; with a foreword by H. Moore
250 ## - EDITION STATEMENT
Edition statement 2nd ed.
260 ## - PUBLICATION, DISTRIBUTION, ETC. (IMPRINT)
Place of publication, distribution, etc. London :
Name of publisher, distributor, etc. Chapman & Hall,
Date of publication, distribution, etc. 1952.
300 ## - PHYSICAL DESCRIPTION
Pagination xv, 479 p. :
Illustrations ill. ;
Size 24 cm.
500 ## - GENERAL NOTE
General note Include Index.
650 #0 - SUBJECT ADDED ENTRY--TOPICAL TERM
Topical term or geographic name as entry element Electroplating.
9 (RLIN) 204597
Topical term or geographic name as entry element Metals
General subdivision Finishing.
9 (RLIN) 204686
700 ## - ADDED ENTRY--PERSONAL NAME
Personal name Moore, H.
942 ## - ADDED ENTRY ELEMENTS (KOHA)
Source of classification or shelving scheme Dewey Decimal Classification
Koha item type Books
Holdings
Lost status Source of classification or shelving scheme Damaged status Not for loan Collection code Permanent Location Current Location Shelving location Date acquired Source of acquisition Cost, normal purchase price Total Checkouts Full call number Date last seen Copy number Koha item type
  Dewey Decimal Classification   Not For Loan Non-fiction Central Library, University of Rajshahi Central Library, University of Rajshahi Reading Room 09/12/2021 Book centre 42.00   671.732 SIC 1952 09/04/2017 C-1 Books